Statistics for Countries in World Cup 1994

Click here to take the quiz!

General Stats

  • This quiz has been taken 36 times
  • The average score is 20 of 24

Answer Stats

HintAnswer% Correct
Host/North AmericaUnited States
97%
North AmericaMexico
94%
South AmericaBrazil
91%
South AmericaColombia
91%
EuropeGermany
91%
EuropeItaly
91%
EuropeSpain
91%
South AmericaArgentina
88%
AfricaNigeria
88%
EuropeRussia
88%
EuropeSweden
88%
EuropeBulgaria
85%
EuropeNetherlands
85%
EuropeGreece
82%
EuropeIreland
82%
AsiaSouth Korea
82%
EuropeBelgium
79%
AfricaCameroon
79%
EuropeNorway
79%
EuropeRomania
79%
South AmericaBolivia
76%
EuropeSwitzerland
76%
AsiaSaudi Arabia
70%
AfricaMorocco
64%

Score Distribution

Percentile by Number Answered

Percent of People with Each Score

Your Score History

You have not taken this quiz